Nhìn lại thơ mới và văn xuôi Tự lực Văn Đoàn
Giới thiệu những vấn đề chung về thơ mới; Thơ mới với sự cảm nhận của các nhà thơ Việt Nam; Trình bày văn xuôi tự lực Văn Đoàn; Thơ mới và Tự Lực Văn Đoàn trong nhà trường.
Đã lưu trong:
| Tác giả chính: | |
|---|---|
| Định dạng: | Sách |
| Năm xuất bản: |
H.
Thanh niên
2013
|
| Chủ đề: | |
| Tags: |
Thêm thẻ
Không có thẻ, Hãy là người đầu tiên gắn thẻ bản ghi này!
|
| LEADER | 00946nam a2200193 4500 | ||
|---|---|---|---|
| 999 | |c 11149 |d 11149 | ||
| 082 | |a 895.92209 |b NH311l | ||
| 100 | |a Trần Hữu Tá | ||
| 245 | |a Nhìn lại thơ mới và văn xuôi Tự lực Văn Đoàn |c Trần Hữu Tá, Nguyễn Thành Thi, Đoàn Lê Giang chủ biên | ||
| 260 | |a H. |b Thanh niên |c 2013 | ||
| 300 | |a 510 tr |c 24 cm. | ||
| 500 | |a Tủ sách thế giới mới | ||
| 520 | |a Giới thiệu những vấn đề chung về thơ mới; Thơ mới với sự cảm nhận của các nhà thơ Việt Nam; Trình bày văn xuôi tự lực Văn Đoàn; Thơ mới và Tự Lực Văn Đoàn trong nhà trường. | ||
| 653 | |a Văn học hiện đại | ||
| 653 | |a Thế kỷ XX | ||
| 653 | |a Văn học | ||
| 653 | |a Phê bình VH | ||
| 942 | |2 ddc |c SH | ||
| 952 | |0 0 |1 0 |2 ddc |4 0 |6 895_922090000000000_NH311L |7 0 |8 800 |9 95752 |a qbu |b qbu |c D5 |d 2015-09-29 |g 130000 |o 895.92209 NH311l |p 10554.c1 |r 2015-10-29 |w 2015-09-29 |y SH | ||